Tamreen-Us-Serf (Record no. 3958)

MARC details
000 -LEADER
fixed length control field 00595nam a2200241 a 4500
020 ## - INTERNATIONAL STANDARD BOOK NUMBER
ISBN
082 00 - DEWEY DECIMAL CLASSIFICATION NUMBER
Classification number 492.75
Author Cutter NAD1
100 ## - MAIN ENTRY--AUTHOR NAME
Author name Nadvi, Moinullah
245 ## - TITLE STATEMENT
Title Tamreen-Us-Serf
260 ## - PUBLICATION, DISTRIBUTION, ETC. (IMPRINT)
Place of publication Lucknow
Name of publisher Maktaba Darul Uloom Nadwatul Ulama
Year of publication 1900
300 ## - PHYSICAL DESCRIPTION
Number of Pages 119p
500 ## - GENERAL NOTE
General note includes index and biblioraphy
505 2# - FORMATTED CONTENTS NOTE
Formatted contents note 3 Part Bound in One
650 ## - SUBJECT ADDED ENTRY--TOPICAL TERM
Topical Term Arabic-Grammar
942 ## - ADDED ENTRY ELEMENTS (KOHA)
Koha item type Books
700 1# -
-- Nadvi, Moinullah
Holdings
Collection code Home library Current library Date acquired Cost, normal purchase price Full call number Accession Number Koha item type
  Henry Martyn Institute Library Henry Martyn Institute Library 06/07/2007 100.00 492.75 NAD1 07724 Books
                   Copyright © 2026 | Henry Martyn Institute | Hyderabad | TS-500052 | INDIA | Implemented by hmi.edu.in
Hit-Count:

Powered by Koha